Online
Catalog

Colapso / (Record no. 3477)

MARC details
000 -CABECERA
campo de control de longitud fija 00805cam a2200241 a 4500
001 - NÚMERO DE CONTROL
campo de control 000003654
005 - FECHA Y HORA DE LA ÚLTIMA TRANSACCIÓN
campo de control 20200929150522.0
008 - DATOS DE LONGITUD FIJA--INFORMACIÓN GENERAL
campo de control de longitud fija 760618s1978 ag 000 f spa
040 ## - FUENTE DE LA CATALOGACIÓN
Centro catalogador/agencia de origen DO-SdBNP
Lengua de catalogación spa
Centro/agencia transcriptor BNPHU
082 ## - NÚMERO DE LA CLASIFICACIÓN DECIMAL DEWEY
Número de clasificación 813.54
Número de documento/Ítem E66c
100 1# - ENTRADA PRINCIPAL--NOMBRE DE PERSONA
Nombre de persona Erdman, Paul E.,
Fechas asociadas al nombre 1932-2007.
9 (RLIN) 11202
240 14 - TÍTULO UNIFORME
Título uniforme The crash of'79.
Lenguaje de la obra Español
245 10 - MENCIÓN DE TÍTULO
Título Colapso /
Mención de responsabilidad, etc. Paul E. Erdman ; traducción, Alicia Steimberg.
250 ## - MENCIÓN DE EDICIÓN
Mención de edición 5a. impresión
260 ## - PUBLICACIÓN, DISTRIBUCIÓN, ETC.
Lugar de publicación, distribución, etc. Buenos Aires, Argentina :
Nombre del editor, distribuidor, etc. Emecé,
Fecha de publicación, distribución, etc. 1978.
300 ## - DESCRIPCIÓN FÍSICA
Extensión 350 p. ;
Dimensiones 19 cm.
490 1# - MENCIÓN DE SERIE
Mención de serie Grandes Novelistas
490 1# - MENCIÓN DE SERIE
Mención de serie La novela actual en el mundo
650 #4 - PUNTO DE ACCESO ADICIONAL DE MATERIA--TÉRMINO DE MATERIA
Término de materia o nombre geográfico como elemento de entrada Novela estadounidense
9 (RLIN) 262
650 #4 - PUNTO DE ACCESO ADICIONAL DE MATERIA--TÉRMINO DE MATERIA
Término de materia o nombre geográfico como elemento de entrada Literatura estadounidense
9 (RLIN) 263
700 1# - PUNTO DE ACCESO ADICIONAL--NOMBRE DE PERSONA
Nombre de persona Steimberg, Alicia
Término indicativo de función/relación tr.
9 (RLIN) 11203
830 #0 - PUNTO DE ACCESO ADICIONAL DE SERIE-TÍTULO UNIFORME
Título uniforme Grandes Novelistas.
Nombre de parte o sección de la obra La novela actual en el mundo.
9 (RLIN) 11204
Holdings
Estado de retiro Estado de pérdida Restricciones de uso No para préstamo Código de colección Localización permanente Ubicación/localización actual Ubicación en estantería Fecha de adquisición Número de inventario Total de préstamos Signatura topográfica completa Código de barras Fecha visto por última vez Precio válido a partir de Tipo de ítem Koha
    Préstamo interno   Monografías: Libros y Folletos General General En catalogación 11.07.2009 LF1   813.54 E66c 3654-10 25.06.2020 25.06.2020 Préstamo interno
    Préstamo interno   Monografías: Libros y Folletos General General En catalogación 02.06.2017 LF1   813.54 E66c 3654-20 25.06.2020 25.06.2020 Préstamo interno

Powered by Koha